MDQL
is popping MORE tags! Check the
thread
!
Quizzes
Events
Quiz Creation
Community
Videos
Private Events
Remove Ads
Sign In
Join for FREE
Feedback
Dark Mode
Quiz Categories
Sports
Geography
Music
Movies
Television
Just For Fun
Miscellaneous
History
Literature
Language
Science
Gaming
Entertainment
Religion
Holiday
For Kids
Quiz Lab
Recent
Popular Today
Quiz Kudos Today
Editor Picks
Curator Picks
Quizzes by...
Day
Popularity
Type
Ratings
Length
Year
Community
Subscriptions
Recent Discussions
Orange Saloon
Badges
Playlists
Quests
Create
Leaderboards
Showdown
Live 5
Trivia Bingo
Activity
Puzzle Library
Sporcle Events
Private Events
Virtual Trivia
Globe League
Become a Host
Pub Owners
SporcleCon
Opinionation
Our Games
Videos
Blog
Mobile Apps
Partnerships
Remove Ads and Go Orange
Feedback
Sports
Athletes
MLB
NBA
NHL
NFL
Soccer
Sports Teams
WWE
NCAA
Football
Premier League
Basketball
Baseball
Hockey
Golf
Tennis
Cricket
Rugby
Auto Racing
Olympics
World Cup
Sports
Athletes
MLB
NBA
NHL
NFL
Soccer
Sports Teams
WWE
NCAA
Football
Premier League
Basketball
Baseball
Hockey
Golf
Tennis
Cricket
Rugby
Auto Racing
Olympics
World Cup
Random Quiz
Search Sporcle
×
Quiz Lab
Quiz Lab
Sports
University
Type in answers that appear in a list
Type in answers that appear in a list
Classic
Best Score? Go Orange.
Active UConn NBA Players Stats
Can you name the active NBA players who played basketball at the Univiersity of Connecticut?
By
bmo1616
5m
15 Questions
902 Plays
902 Plays
902 Plays
Comments
Comments
Give Quiz Kudos
Give Quiz Kudos
-
- Ratings
hide this ad
Replay
Link that replays current quiz
Next Quiz
Link to next quiz in quiz playlist
You Got
0%
They Got
Avg Score
57%
Avg Friend Score
Upgrade to see
Score Distribution
Jump to the score distribution portion of the page
Score
0/15
Timer
05:00
0
Plays Today
NBA Team
Player
% Correct
Celtics
Ray Allen
87.8%
Pistons
Richard Hamilton
85.1%
Hornets
Emeka Okafor
80.2%
Grizzlies
Rudy Gay
76.6%
Pistons
Ben Gordon
71.6%
Grizzlies
Hasheem Thabeet
64.4%
Pistons
Charlie Villanueva
62.3%
Nets
Josh Boone
59%
NBA Team
Player
% Correct
Wizards
Caron Butler
55.8%
Grizzlies
Marcus Williams
51.6%
Pacers
AJ Price
48.5%
Hornets
Hilton Armstrong
43.6%
76ers
Donyell Marshall
33.9%
Thunder
Kevin Ollie
31%
Raptors
Jake Voskuhl
14.7%
Quiz Playlist
Details
Report
Send in Message
Add To Playlist
Classic:
Type in answers that appear in a list
Last Updated: Feb 16, 2017
Quiz Scoreboard
CHALLENGE
Sign Up to Join the Scoreboard
Show All
Scores
Hide
Comments
May contain spoilers
Recently Published
Colored Red Africa Blitz
by spor1
Geography
30s
Find the 'City' Movie
by crazypaving
Movies
60s
5x2 Blitz: Bands
by SL_Kpop136
Music
30s
More to Explore
Quiz From the Vault
Featured Blog Post
14 Easter Pick-up Lines to Find Eggs With
hide this ad
You Might Also Like...
Tags
Basketball Quiz
NBA Quiz
University Quiz
Active
connecticut
NBA Player
Player
team
UConn
Today's Top Quizzes in Sports
Browse Sports
hide this ad
Today's Top Quizzes in University
Browse University
Top Contributed Quizzes in Sports
1
Les entraîneurs de l'OM et du PSG au 21e siècle
2
Les meilleurs buteurs des matchs entre le PSG et l’OM
3
Players with Multiple 50 Home Run Seasons
4
2022 World Cup Stars
5
Les joueurs passés par le PSG et l'OM
6
NBA Logic Puzzle 2.0
7
Criteria MLB: Left Handed Sluggers
8
MLB Players with Two .350 Batting Average Seasons
9
Top 10 NHL Goal Scorers of All Time
10
Who Hit More Homers?
Explore More
Trending Topics
Harry Potter
Anime
Crossword
Disney
Kpop
Marvel
NBA
Puzzle
WWE
Song
Country
Soccer
NFL
Pokémon
The Office
hide this ad
More By:
bmo1616
Quiz
Plays
Rating
Category
Featured
Created
The Office: Boom! Roasted!
564,539
4.45
Television
Feb 27, 2010
Bohemian Rhapsody
295,612
4.00
Music
Sep 30, 2009
Disney World Attraction Quotes
19,812
3.74
Entertainment
Oct 2, 2009
108 LOST Trivia Questions
19,536
4.32
Television
May 16, 2010
States that don't end in a vowel or S
7,024
3.67
Geography
Nov 22, 2009
Go to Creator's Profile
Score Distribution
Quiz Creator Spotlight
bmo1616
Follow
Send a Message
Quizzes Created
-
Created Quiz Play Count
-
More By This Creator
Popular Quizzes Today
1
Colored Red Africa Blitz
2
Find the 'City' Movie
3
Find the US States - No Outlines Minefield
4
5x2 Blitz: Bands
5
The Countries of the World
6
Find the US States
7
US States
8
9x9 Crossword: Cartoon Network
More Sports Quizzes
Big Red Machine
Published
Trending Quizzes
Colored Red Europe Blitz I
Colored Red Europe Blitz II
Colored Red Africa Blitz II
Colored Red Europe Blitz III
Colored Red Africa Blitz III
Recently Updated
How Do You Spell That?
pecheneg
Godzilla Movies
pecheneg
Grab Bag: 4-10 Letters
pecheneg
2024 March Madness Bracket
pecheneg
Famous TV Couples
Peacemaker
Champions League XIs: Real Madrid
pecheneg
Largest US Cities 1790-2010
pecheneg
Rides in Walt Disney World
pecheneg
Most Oscar Losses (Acting)
pecheneg
Beyoncé Albums
pecheneg
Trending Topics
Crossword
NBA
Marvel
Anime
Harry Potter
Kpop
Disney
Soccer
NFL
Country
Puzzle
Pokémon
The Office
Song
WWE
Your Account Isn't Verified!
In order to create a playlist on Sporcle, you need to verify the email address you used during registration. Go to your
Sporcle Settings
to finish the process.
Report this User
Report this user for behavior that violates our
Community Guidelines
.
Details:
Send Report
Go to the Sporcle.com Mobile Site →
Comments